000 03090nam a2200313Ia 4500
008 130821s1663 xx a gr lat
040 _aCo-BoUCM
_bspa
041 0 _alat
092 _aE19N096
100 1 _aCorona, Matías De
242 0 0 _a[Santidad de la Iglesia Romana, representada en San Elías Profeta, primer padre de los Carmelitas. O exposición literal, mística y moral entresacada del capítulo 17, libro 3, de los Reyes hasta el capítulo 13 del libro 4 de los Reyes, donde se dibuja la santidad de la Iglesia de Roma]
245 1 0 _aSanctitas Ecclesiae Romanae in S. Elia Propheta carmelitarum protoparente figurata seu expositio litteralis, mystica et moralis sparsim a cap. 17 Libri 3 Regum usque ad cap. 13 Lib. 4 Regum inclusive, sanctitatem Ecclesiae Romanae delineans ...
_cAutore R. P. Matthia a Corona.
246 1 3 _a[Santidad de la Iglesia Romana, representada en San Elías Profeta, primer padre de los Carmelitas. O exposición literal, mística y moral entresacada del capítulo 17, libro 3, de los Reyes hasta el capítulo 13 del libro 4 de los Reyes, donde se dibuja la santidad de la Iglesia de Roma]
260 _aLeodii [Lieja]
_bApud Guilielmun Henricum Streel [Guillermo Enrique Streel]
_c1663
300 _a[20], 577, [28] páginas
_bilustraciones
500 _aDetalles físicos: Encuadernación rígida (a la romana) en cartón duro forrado en pergamino, piel manchada y bordes de la tapa delantera deteriorados. Conserva guardas, anteportada y portada impresa a dos tintas con un grabado en motivos vegetales puramente decorativos. Dedicatoria al Príncipe Maximiliano Enrique, Obispo y Príncipe de Lieja Licencias. Permisos. Cenefas, mayúsculas capitales y remates, especialmente al principio. Texto impreso en dos columnas densas, sobre papel de calidad. Márgenes amplios. Apostillas marginales con referencias y citas de lugares paralelos. Reclamos y Signaturas. Cortes pintados de rojo. Primeras hojas desprendidas y bordes deterioradas. Ejemplar en regular estado de conservación. En la portada dos sellos de tinta "Del Colegio de Ntra. Sra. del Rosario", "El Colegio de Nuestra Señora del Rosario" y uno "Colegio Mayor del Rosario".
504 _aIncluye índice.
505 0 _aTratado 1: Existencia de la Iglesia militante (6 capítulos). ; Tratado 2: Signos característicos de la Iglesia militante (Estudio de 18 características). ; Más 15 parágrafos. ; Tratado 3: Origen y propagación de la Santa Iglesia (7 capítulos y 3 parágrafos). ; Tratado 4: Maternidad de la Santa Madre Iglesia (12 capítulos y 29 parágrafos).
506 _aConsulta en sala.
610 7 _aIglesia Católica
_xObras anteriores a 1700
_97705
650 0 4 _aApologética
_ySiglos XVII-XVII
_99245
650 0 4 _aHermenéutica bíblica
_916781
650 0 4 _aReligión
_923497
650 0 4 _aTeología dogmática
_xObras anteriores a 1700
_925234
650 0 4 _aTeología
_xIglesia Católica
_xObras anteriores a 1700
_925230
700 1 _aStreel, Guillermo Enrique
942 _cLIBRO
_a4
_e1
_2DEWEY
_h262.91
999 _c36915
_d36915